Biblioteca

Back to virtue (Registro nro. 71440)

Detalles MARC
000 -LÍDER
Campo fijo de descripción fija 01893nam a2200373 i 4500
001 - NÚMERO DE CONTROL
Campo de control 768714001
003 - IDENTIFICADOR DEL NÚMERO DE CONTROL
Campo de control CO-MdFUSB
005 - FECHA Y HORA DE LA ULTIMA TRANSACCIÓN
control field 20260407162941.0
007 - CAMPO FIJO DE DESCRIPCIÓN FIJA--INFORMACIÓN GENERAL
Campo fijo de descripción fija ta
008 - ELEMENTOS DE LONGITUD FIJA -- INFORMACIÓN GENERAL
Campo fijo de descripción fija -- Información general 250916t1992 -us |||g |||| 00| 0 eng d
020 ## - NÚMERO INTERNACIONAL NORMALIZADO PARA LIBROS
Número Internacional Normalizado del libro 0-89870-422-7
040 ## - FUENTE DE CATALOGACIÓN
Agencia de catalogación original CO-MdFUSB
Idioma de catalogación spa
Agencia que realiza la transcripción CO-MdFUSB
Agencia que realiza la modificación CO-MdFUSBC
Convenciones de la descripción rda
041 ## - CÓDIGO DE IDIOMA
Código de idioma para texto/pista de sonido o título separado eng
082 ## - NÚMERO DE CLASIFICACIÓN DECIMAL DEWEY
Número de la edición del Dewey 23
Número de clasificación 241
Clave de autor-Numero de item K91
100 ## - ASIENTO PRINCIPAL--NOMBRE PERSONAL
Nombre personal Kreeft, Peter,
Término relacionador autor
245 ## - TÍTULO
Título del Material Back to virtue
Mención de responsabilidad, etc. / Peter kreeft
264 #1 - PRODUCCIÓN, PUBLICACIÓN, DISTRIBUCIÓN, MANUFACTURA, Y COPYRIGHT
Lugar de producción, publicación, distribución, manufactura San francisco :
Nombre del productor, publicador, distribuidor Ignatius Press,
Fecha de producción, publicación, distribución, manufactura, o copyright [1992]
264 #4 - PRODUCCIÓN, PUBLICACIÓN, DISTRIBUCIÓN, MANUFACTURA, Y COPYRIGHT
Fecha de producción, publicación, distribución, manufactura, o copyright ©1992
300 ## - DESCRIPCIÓN FÍSICA
Extensión 195 páginas
Dimensiones ; 21 cm
336 ## - TIPO DE CONTENIDO
Fuente rdacontent
Término de tipo de contenido texto
Código de tipo de contenido txt
337 ## - TIPO DE MEDIO
Fuente rdamedia
Nombre del tipo de medio sin mediación
Código del tipo de medio n
338 ## - TIPO DE SOPORTE
Fuente rdacarrier
Nombre del tipo de soporte volumen
Código Tipo de soporte nc
500 ## - NOTA GENERAL
Nota General Tabla de contenido traducida por agencia catalogadora
505 ## - NOTA DE CONTENIDO
Nota de contenido con formato preestablecido Parte I Ausente : Un pueblo virtuoso. Una civilización en riesgo: ¿Qué fue de la virtud? -- La cultura occidental en el diván: Un psicoanálisis espiritual. -- Historia espiritual 101: ¿Cómo llegamos al borde? Part II La clave: la virtud personal Justicia, sabiduría, valentía y moderación: Las cuatro virtudes cardinales. -- Fe, esperanza y amor: Las tres virtudes teologales. -- Las bienaventuranzas enfrentan los siete pecados capitales. -- Pobres de espíritu vs. orgullosos de corazón. -- Dar misericordia vs. obtener cosas. -- El llanto bendecido vs. el duelo por la bendición ajena. -- Los mansos y los pacificadores vs. los dominados por la ira. -- Hambre y sed de justicia vs. conformidad con la pereza. -- Puros de corazón vs. lujuriosos de corazón. -- Valentía en la persecución vs. autocomplacencia. -- En conclusión: El encanto de la virtud.
563 ## - NOTA DE ENCUADERNACIÓN
Nota de encuadernación rústico
650 #7 - ASIENTO SECUNDARIO DE MATERIA - TERMINO TEMÁTICO
Término temático o nombre geográfico como elemento de entrada Filosofía
9 (RLIN) 7168
653 ## - TÉRMINO DE INDIZACIÓN - NO CONTROLADO
Término no controlado Ética cristiana
653 ## - TÉRMINO DE INDIZACIÓN - NO CONTROLADO
Término no controlado Virtudes
653 ## - TÉRMINO DE INDIZACIÓN - NO CONTROLADO
Término no controlado Vida cristiana
653 ## - TÉRMINO DE INDIZACIÓN - NO CONTROLADO
Término no controlado Teología moral
942 ## - TIPO DE MATERIAL (KOHA)
Tipo de Item KOHA Libros General
945 ## - INFORMACIÓN LOCAL DEL REGISTRO
Catalogador Estudiante Juan Eusse
Existencias
Estado de Material Estado de Perdido Forma de Clasificación Estado de Dañado No para Préstamo Colección Biblioteca de Origen Biblioteca Permanente Fecha de Adquisición Área Total de Préstamos Signatura Topográfica Código de Barras Última vez visto Ejemplar/Existencia Fecha de Remplazo Tipo de Material
    Dewey Decimal Classification     Colección General Biblioteca FUSBC Biblioteca FUSBC 16/09/2025 FILOSOFIA   G 241 K91b 25783 16/09/2025 Ej. 1 16/09/2025 Libros General

Biblioteca FUSBC | Teléfono: (57+4) 349 88 10 Ext. 141| WhatsApp (+57) 3005338115 
E-mail: biblioteca@unisbc.edu.co | Calle 76 87-14 Robledo Palenque, Medellín, Colombia

Con tecnología Koha